Lignes ferroviaires fermées au trafic voyageurs en Centre Val de Loire - Statistiques

Statistiques générales
  • Ce quiz a été pris 4 fois
  • Le résultat moyen est 4 sur 20
Statistiques - réponses
Hint Réponse % Correct
Chartres Dreux
67%
Les Aubrais Malesherbes
67%
Villeneuve-Saint-Georges Montargis
67%
Voves Orléans
67%
Châteaudun Patay
67%
Villefrancœur Blois
33%
Loches Châteauroux
33%
Châteauroux Ardentes
0%
Etampes Beaune-la-Rolande
0%
Valençay Buzançais
0%
Château du Loir Château-la-Vallière
0%
Thouars Chinon
0%
Les Aubrais Le Fay-aux-Loges
0%
Courtalain Mondoubleau
0%
Chartres Pont sous Gallardon
0%
Villefranche-sur-Cher Romorantin
0%
Orléans Saint-Père-sur-Loire
0%
La Loupe Senonches
0%
Port-de-Piles Trogues
0%
Selommes Troo
0%
Aucun quiz correspondant
Distribution des résultats
% des personnes avec chaque résultat
Percentile par nombre de réponses
Votre historique - résultats
Vous n’avez pas pris ce quiz